Rappeurs Français #4 - Statistiques

Statistiques générales
  • Ce quiz a été pris 973 fois
  • Le résultat moyen est 11 sur 16
Statistiques - réponses
Par images Réponse % Correct
Nekfeu
94%
Maes
91%
Dadju
90%
Favé
88%
Kalash Criminel
87%
Ademo
76%
Tayc
71%
Laylow
69%
Menace Santana
64%
N.O.S
62%
Alpha Wann
56%
Rohff
55%
Niro
53%
Yanns
49%
YL
34%
Lino
20%
Aucun quiz correspondant
Distribution des résultats
% des personnes avec chaque résultat
Percentile par nombre de réponses
Votre historique - résultats
Vous n’avez pas pris ce quiz